[Event "Erkenschwick- Köln"]
[Site "?"]
[Date "2023.02.12"]
[Round "5.1"]
[White "Strohhaeker, Raoul"]
[Black "Ris, Robert"]
[Result "1-0"]
[WhiteElo "2429"]
[BlackElo "2464"]
[PlyCount "119"]
[SourceVersionDate "2023.06.22"]

1. c4 e5 2. Nc3 Nf6 3. e3 Bb4 4. Qc2 O-O 5. a3 Bxc3 6. Qxc3 Nc6 7. b4 d5 8.
cxd5 Nxd5 9. Qc2 Qf6 10. Bb2 Rd8 11. b5 Nd4 12. exd4 exd4 13. O-O-O a6 14. Nf3
Nf4 15. Qe4 Bg4 16. Re1 axb5 17. Nxd4 Bd7 18. Nxb5 Qh6 19. Bc4 Be6 20. Re3 Ra4
21. Rc3 Bxc4 22. Rxc4 Nd3+ 23. Kb1 Rxc4 24. Qxc4 c6 25. Nc3 b5 26. Qb3 Qg6 27.
Qc2 Qxg2 28. Rd1 Qxf2 29. Ne4 Qe2 30. Ng3 Qxh2 31. Nf5 g6 32. Qc3 Qe5 33. Ne7+
Kf8 34. Nxc6 Qxc3 35. Bxc3 Rc8 36. Nd4 Rb8 37. Kc2 Nf4 38. Rb1 h5 39. Rxb5 Ra8
40. Nf3 Ke7 41. Rb7+ Ke6 42. Nd4+ Kf6 43. Ne2+ Kg5 44. Nxf4 Kxf4 45. Rxf7+ Kg4
46. Rg7 g5 47. Bf6 Ra5 48. Kd3 Rxa3+ 49. Ke4 Ra5 50. d4 Rf5 51. Be5 Rf1 52. Kd5
h4 53. Ke6 Rd1 54. d5 Kh3 55. d6 g4 56. d7 g3 57. Bd6 g2 58. d8=Q g1=Q 59. Rxg1
Rxd6+ 60. Kxd6 1-0

[Event "Erkenschwick- Köln"]
[Site "?"]
[Date "2023.02.12"]
[Round "5.2"]
[White "Nijboer, Friso"]
[Black "Morawietz, Dieter"]
[Result "1-0"]
[WhiteElo "2463"]
[BlackElo "2391"]
[PlyCount "71"]
[SourceVersionDate "2023.06.22"]

1. e4 e6 2. d4 d5 3. Nc3 Bb4 4. e5 c5 5. a3 Bxc3+ 6. bxc3 Nc6 7. Nf3 Qa5 8. Bd2
Nge7 9. a4 Bd7 10. Bb5 Qc7 11. O-O c4 12. Re1 Nd8 13. Bg5 Bc6 14. h4 O-O 15. h5
h6 16. Bf4 a6 17. Bxc6 Nexc6 18. Nh4 f5 19. Ng6 Re8 20. Bg3 Nf7 21. Bh4 Ng5 22.
Re3 b5 23. Bxg5 hxg5 24. Rg3 g4 25. f3 gxf3 26. Qxf3 Kh7 27. Nf4 Qf7 28. Rg6 b4
29. Qg3 bxc3 30. h6 Rg8 31. Qg5 Ne7 32. Rxe6 Rae8 33. Re1 Nc8 34. Rg6 Qa7 35.
Qh5 Qxd4+ 36. Kh1 1-0

[Event "Erkenschwick- Köln"]
[Site "?"]
[Date "2023.02.12"]
[Round "5.3"]
[White "Helbig, Mark"]
[Black "De Vreugt, Dennis"]
[Result "0-1"]
[WhiteElo "2297"]
[BlackElo "2392"]
[PlyCount "80"]
[SourceVersionDate "2023.06.22"]

1. e4 c5 2. Nf3 Nc6 3. Bb5 g6 4. O-O Bg7 5. Re1 Nf6 6. d3 O-O 7. h3 Na5 8. c4
Ne8 9. Nc3 Nc7 10. Be3 d6 11. Qd2 Rb8 12. Bh6 a6 13. Bxg7 Kxg7 14. Ba4 b5 15.
cxb5 axb5 16. Bc2 b4 17. Nd1 e5 18. Ne3 Be6 19. Ng4 f6 20. Ba4 Qe7 21. b3 Nb7
22. Qh6+ Kg8 23. Ne3 Nd8 24. Qh4 Qg7 25. g4 Bc8 26. Kh2 Nde6 27. Rad1 Nf4 28.
Qg3 Kh8 29. Nc4 d5 30. Nd6 Ba6 31. exd5 Ncxd5 32. Nc4 Nc3 33. Rd2 Rbd8 34. Re3
Bxc4 35. dxc4 Rxd2 36. Nxd2 Rd8 37. Nf1 Rd1 38. Rxc3 bxc3 39. Ne3 c2 40. Nxc2
Qb7 0-1

[Event "Erkenschwick- Köln"]
[Site "?"]
[Date "2023.02.12"]
[Round "5.4"]
[White "Erwich, Frank"]
[Black "Wacker, Peter"]
[Result "1/2-1/2"]
[WhiteElo "2383"]
[BlackElo "2271"]
[PlyCount "27"]
[SourceVersionDate "2023.06.22"]

1. e4 e5 2. Nf3 Nf6 3. Nxe5 d6 4. Nf3 Nxe4 5. c4 Nc6 6. d4 Be7 7. Be2 O-O 8.
O-O Re8 9. Be3 Bf6 10. Nbd2 d5 11. c5 Ne7 12. Nb3 Ng6 13. Nfd2 c6 14. Re1
1/2-1/2

[Event "Erkenschwick- Köln"]
[Site "?"]
[Date "2023.02.12"]
[Round "5.5"]
[White "Wisskirchen, Andreas"]
[Black "Willemze, Thomas"]
[Result "0-1"]
[WhiteElo "2207"]
[BlackElo "2359"]
[PlyCount "100"]
[SourceVersionDate "2023.06.22"]

1. d4 d5 2. Nf3 e6 3. Bf4 c5 4. e3 cxd4 5. exd4 Nc6 6. c3 f6 7. Bb5 Bd6 8. Qd2
Nge7 9. O-O Bxf4 10. Qxf4 Qb6 11. c4 O-O 12. Nc3 dxc4 13. Bxc4 Rd8 14. Rad1
Qxb2 15. Qe3 Kh8 16. Nb5 Qb4 17. Bd3 Qa5 18. Qe4 Ng6 19. Nh4 Nf8 20. Qf4 a6 21.
Nd6 Qc7 22. d5 Qxd6 23. Qxd6 Rxd6 24. dxc6 bxc6 25. Bc4 Rxd1 26. Rxd1 Kg8 27.
Nf5 Kf7 28. Rd6 Bd7 29. f4 a5 30. Kf2 Rb8 31. Ke3 g6 32. Nd4 Rb6 33. Nb3 Ke7
34. Rd4 e5 35. fxe5 fxe5 36. Re4 a4 37. Nc5 Kd6 38. Nxa4 Rb4 39. Bd3 c5 40. Nc3
Rd4 41. Ne2 Bf5 42. Nxd4 exd4+ 43. Kf3 Nd7 44. g4 Bxe4+ 45. Kxe4 Nf6+ 46. Kf4
Nd5+ 47. Kf3 Nc3 48. Bc4 g5 49. a3 h6 50. Bb3 Nb1 0-1

[Event "Erkenschwick- Köln"]
[Site "?"]
[Date "2023.02.12"]
[Round "5.6"]
[White "Jonkman, Harmen"]
[Black "Schmidt, Martin"]
[Result "0-1"]
[WhiteElo "2328"]
[BlackElo "2221"]
[PlyCount "74"]
[SourceVersionDate "2023.06.22"]

1. e4 c5 2. c3 d5 3. exd5 Qxd5 4. d4 g6 5. Nf3 Bg7 6. Na3 cxd4 7. Bc4 Qe4+ 8.
Be3 Nh6 9. Bd3 Qg4 10. h3 Qxg2 11. Rh2 Qxh2 12. Nxh2 dxe3 13. fxe3 O-O 14. Qf3
Nc6 15. Nc4 Be6 16. e4 b5 17. Ne3 b4 18. Rc1 bxc3 19. bxc3 Ne5 20. Qe2 Bxh3 21.
Bb5 Rab8 22. c4 f5 23. Nf3 fxe4 24. Ng5 Nd3+ 25. Kd1 Rf2 26. Qxf2 Nxf2+ 27. Ke2
Nd3 28. Rh1 Nf4+ 29. Kd2 a6 30. Nxh3 Nxh3 31. Bc6 Rb2+ 32. Kc1 Nf2 33. Bd5+ Kh8
34. Rh4 Nf5 35. Nxf5 gxf5 36. c5 Nd3+ 37. Kd1 e3 0-1

[Event "Erkenschwick- Köln"]
[Site "?"]
[Date "2023.02.12"]
[Round "5.7"]
[White "Maric, Boris"]
[Black "Erwich, Marc"]
[Result "1-0"]
[WhiteElo "2059"]
[BlackElo "2363"]
[PlyCount "55"]
[SourceVersionDate "2023.06.22"]

1. d4 Nf6 2. c4 e6 3. Nc3 c5 4. d5 d6 5. e4 Be7 6. f4 exd5 7. cxd5 O-O 8. Nf3
Re8 9. Bd3 c4 10. Bc2 Bf8 11. O-O b5 12. e5 Qb6+ 13. Kh1 Ng4 14. Qe2 f5 15. h3
Nh6 16. Be3 Qb7 17. Rad1 Nd7 18. e6 Nf6 19. Bd4 Nh5 20. Qf2 Nxf4 21. Be3 Nd3
22. Bxd3 cxd3 23. Rxd3 b4 24. Ne2 g6 25. Qh4 Qg7 26. Bd4 Qc7 27. Rc1 Qa5 28.
Qf6 1-0

[Event "Erkenschwick- Köln"]
[Site "?"]
[Date "2023.02.12"]
[Round "5.8"]
[White "Eggenstein, Frank"]
[Black "Schwibbert, Jonas"]
[Result "1/2-1/2"]
[WhiteElo "2004"]
[BlackElo "2041"]
[PlyCount "48"]
[SourceVersionDate "2023.06.22"]

1. c4 c6 2. e4 d5 3. exd5 cxd5 4. cxd5 Nf6 5. Bb5+ Bd7 6. Bc4 Qc7 7. Bb3 Nxd5
8. Ne2 Bc6 9. O-O e6 10. Nbc3 Nf6 11. d4 Bd6 12. h3 O-O 13. Bg5 Be7 14. Rc1 Qa5
15. Be3 Na6 16. Qe1 Nb4 17. Qd2 Qa6 18. Rfd1 Rfd8 19. a3 Nbd5 20. Nxd5 Bxd5 21.
Bxd5 Nxd5 22. Nc3 Nxc3 23. Qxc3 h6 24. Qb3 Rac8 1/2-1/2

[Event "Lieme- Wattenscheid"]
[Site "?"]
[Date "2023.02.12"]
[Round "5.1"]
[White "Koscielski, Janusz"]
[Black "Schuh, Dirk"]
[Result "1/2-1/2"]
[WhiteElo "2260"]
[BlackElo "2364"]
[PlyCount "71"]
[SourceVersionDate "2023.06.22"]

1. e4 e5 2. Nf3 Nc6 3. Nc3 Nf6 4. Bb5 Bc5 5. Nxe5 Nxe5 6. d4 a6 7. dxe5 axb5 8.
exf6 Qxf6 9. O-O c6 10. Qh5 d6 11. a3 b4 12. Bg5 Qe5 13. axb4 Rxa1 14. Rxa1
Bxb4 15. Qh4 Bxc3 16. bxc3 Qxc3 17. Rc1 O-O 18. Qg3 Qd4 19. Be3 Qxe4 20. Qxd6
Be6 21. Qf4 Qxf4 22. Bxf4 Ra8 23. Kf1 Kf8 24. Ke2 Ke7 25. h4 c5 26. Rd1 Ra6 27.
Be3 b6 28. f3 Ra2 29. Rd2 Bc4+ 30. Kf2 Rb2 31. g4 Ke6 32. h5 Bd5 33. Bf4 b5 34.
Re2+ Kd7 35. Be5 Ra2 36. Bxg7 1/2-1/2

[Event "Lieme- Wattenscheid"]
[Site "?"]
[Date "2023.02.12"]
[Round "5.2"]
[White "Niermann, Tristan"]
[Black "Schiffer, Kai- Uwe"]
[Result "1-0"]
[WhiteElo "2305"]
[BlackElo "2288"]
[PlyCount "47"]
[SourceVersionDate "2023.06.22"]

1. Nf3 d5 2. g3 c5 3. Bg2 Nc6 4. d4 e6 5. O-O Nf6 6. c4 dxc4 7. Qa4 Bd7 8. Qxc4
b5 9. Qd3 c4 10. Qd1 Rc8 11. a3 Be7 12. Nc3 Na5 13. e4 Nb3 14. Rb1 O-O 15. Bg5
h6 16. Bf4 a5 17. d5 exd5 18. exd5 Bc5 19. Ne5 Bf5 20. Nxb5 Bxb1 21. Qxb1 Nxd5
22. Rd1 Qe8 23. Bxd5 Qxb5 24. Qf5 1-0

[Event "Lieme- Wattenscheid"]
[Site "?"]
[Date "2023.02.12"]
[Round "5.3"]
[White "Straeter, Timo"]
[Black "Bentel, Robin"]
[Result "1/2-1/2"]
[WhiteElo "2306"]
[BlackElo "2201"]
[PlyCount "33"]
[SourceVersionDate "2023.06.22"]

1. d4 Nf6 2. Nf3 g6 3. Bg5 Bg7 4. Nbd2 O-O 5. c3 c5 6. Bxf6 Bxf6 7. Ne4 Bg7 8.
Nxc5 b6 9. Nb3 Bb7 10. e3 d6 11. Be2 Nd7 12. O-O Qc7 13. Nfd2 Rac8 14. Bf3 Ba6
15. Be2 Bb7 16. Bf3 Ba6 17. Be2 1/2-1/2

[Event "Lieme- Wattenscheid"]
[Site "?"]
[Date "2023.02.12"]
[Round "5.4"]
[White "Himpenmacher, Andy"]
[Black "Wengenroth, Walter"]
[Result "1-0"]
[WhiteElo "2199"]
[BlackElo "2293"]
[PlyCount "79"]
[SourceVersionDate "2023.06.22"]

1. Nf3 Nf6 2. b3 g6 3. Bb2 Bg7 4. e3 O-O 5. c4 c5 6. Be2 b6 7. O-O Bb7 8. d4
cxd4 9. Nxd4 a6 10. Nc3 Ra7 11. Rc1 d5 12. cxd5 Nxd5 13. Nxd5 Bxd5 14. Qc2 Rd7
15. Rfd1 Re8 16. Nf3 Be4 17. Qxe4 Bxb2 18. Rb1 Bf6 19. Qa8 a5 20. a4 Qc8 21.
Bb5 Rxd1+ 22. Rxd1 Rd8 23. Rxd8+ Qxd8 24. g3 Qc7 25. Kg2 e6 26. Nd2 Be7 27. Nc4
Bc5 28. Kf3 Kg7 29. Qe4 Nd7 30. Bxd7 Qxd7 31. Nxa5 Bxe3 32. Kxe3 bxa5 33. Qe5+
f6 34. Qxa5 e5 35. Qc3 g5 36. a5 g4 37. Ke2 Qb5+ 38. Ke1 Kg6 39. Kd2 h5 40.
Qd3+ 1-0

[Event "Lieme- Wattenscheid"]
[Site "?"]
[Date "2023.02.12"]
[Round "5.5"]
[White "Sandkamp, Ralph"]
[Black "Essing, Arnold"]
[Result "0-1"]
[WhiteElo "2230"]
[BlackElo "2209"]
[PlyCount "76"]
[SourceVersionDate "2023.06.22"]

1. Nf3 d5 2. g3 Bg4 3. Bg2 Nd7 4. d4 e6 5. O-O Bd6 6. Nbd2 f5 7. c4 c6 8. Qb3
Rb8 9. Re1 Qf6 10. Nf1 h6 11. cxd5 exd5 12. Qa4 a6 13. Ne5 Nxe5 14. dxe5 Bxe5
15. Ne3 Ne7 16. Nxg4 fxg4 17. Qxg4 O-O 18. Bf3 Nf5 19. Rb1 Rbe8 20. Rf1 Nd4 21.
Bg2 Qf5 22. Qxf5 Nxe2+ 23. Kh1 Rxf5 24. Bd2 Rff8 25. Bb4 Rf6 26. Bh3 Bd6 27.
Bxd6 Rxd6 28. Rbd1 c5 29. Rfe1 Kf8 30. Kg2 Nd4 31. Rxe8+ Kxe8 32. Bc8 Rb6 33.
b3 Ke7 34. Re1+ Kd6 35. Re8 c4 36. Rd8+ Kc5 37. bxc4 dxc4 38. Rd7 c3 0-1

[Event "Lieme- Wattenscheid"]
[Site "?"]
[Date "2023.02.12"]
[Round "5.6"]
[White "Schaffarczyk, Andre"]
[Black "Thiel, Thomas"]
[Result "1/2-1/2"]
[WhiteElo "2148"]
[BlackElo "2241"]
[PlyCount "101"]
[SourceVersionDate "2023.06.22"]

1. e4 d5 2. exd5 Nf6 3. d4 Nxd5 4. Nf3 g6 5. c4 Nb6 6. Nc3 Bg7 7. c5 Nd5 8. Bc4
Nxc3 9. bxc3 O-O 10. O-O Nc6 11. Bg5 Na5 12. Bd3 b6 13. Re1 Re8 14. Qe2 Bb7 15.
Bb5 c6 16. Bd3 bxc5 17. Rab1 cxd4 18. cxd4 Bc8 19. Bxe7 Qd7 20. Qd2 Rxe7 21.
Qxa5 Bb7 22. Qb4 Rxe1+ 23. Nxe1 Re8 24. Nf3 Ba8 25. Qc4 Rd8 26. Bf1 Qf5 27. Re1
Qf4 28. Qc5 Bf8 29. Qxa7 c5 30. dxc5 Bxf3 31. gxf3 Qg5+ 32. Bg2 Bxc5 33. f4 Qf5
34. Qa4 Rd2 35. Qe8+ Kg7 36. Re2 Rd1+ 37. Re1 Rd4 38. Qe5+ Qxe5 39. Rxe5 Rc4
40. Bf1 Rc2 41. Re2 Rxe2 42. Bxe2 Bd6 43. f5 gxf5 44. a4 Bb4 45. Kg2 Kf6 46.
Bc4 h6 47. Kf3 Ke7 48. Kf4 Bd6+ 49. Kxf5 Bxh2 50. Kg4 Bc7 51. Kh5 1/2-1/2

[Event "Lieme- Wattenscheid"]
[Site "?"]
[Date "2023.02.12"]
[Round "5.7"]
[White "Hirsch, Stefan"]
[Black "Krallmann, Matthias"]
[Result "0-1"]
[WhiteElo "2133"]
[BlackElo "2151"]
[PlyCount "54"]
[SourceVersionDate "2023.06.22"]

1. e4 c6 2. d4 d5 3. exd5 cxd5 4. c4 Nf6 5. Nc3 Nc6 6. Bg5 Be6 7. c5 g6 8. Bb5
Bg7 9. Nge2 O-O 10. O-O Ne4 11. Be3 Qd7 12. Na4 f5 13. f3 Nf6 14. Re1 Nh5 15.
Qd2 f4 16. Bxf4 Nxf4 17. Nxf4 Bh6 18. g3 Bh3 19. Nc3 Bxf4 20. gxf4 e6 21. Ne2
Qf7 22. Bxc6 bxc6 23. Qe3 Rab8 24. b3 Qf5 25. Kh1 Qh5 26. Rg1 Rf6 27. Qe5 Qxf3+
0-1

[Event "Lieme- Wattenscheid"]
[Site "?"]
[Date "2023.02.12"]
[Round "5.8"]
[White "Schulte, Oliver"]
[Black "Kaehmann, Joerg"]
[Result "1/2-1/2"]
[WhiteElo "2073"]
[BlackElo "2166"]
[PlyCount "61"]
[SourceVersionDate "2023.06.22"]

1. d4 Nf6 2. Bf4 e6 3. e3 c5 4. c3 Nc6 5. Nd2 d5 6. Bd3 Bd6 7. Bxd6 Qxd6 8. f4
cxd4 9. cxd4 Bd7 10. a3 Rc8 11. b4 a5 12. b5 Na7 13. a4 Rc3 14. Qb1 Nc8 15. Ne2
Rc7 16. O-O O-O 17. Nf3 Nb6 18. Qe1 Ng4 19. Qg3 f5 20. Ne5 Nxe5 21. fxe5 Qb4
22. Bxf5 exf5 23. e6 Rc2 24. exd7 Rxe2 25. Qc7 Na8 26. Qe5 Rd8 27. Rxf5 Nc7 28.
Qxc7 Re1+ 29. Rf1 Rxf1+ 30. Rxf1 Qe7 31. Re1 1/2-1/2

[Event "Solingen 3- Brackel"]
[Site "?"]
[Date "2023.02.12"]
[Round "5.1"]
[White "Fiebig, Thomas"]
[Black "Zolfagharian, Kevin"]
[Result "1-0"]
[WhiteElo "2421"]
[BlackElo "2219"]
[PlyCount "77"]
[SourceVersionDate "2023.06.22"]

1. e4 c5 2. c3 e5 3. Nf3 Nc6 4. Bc4 Be7 5. d4 cxd4 6. cxd4 exd4 7. Nxd4 Nf6 8.
Nc3 O-O 9. Nc2 Bc5 10. O-O h6 11. Be3 d6 12. f3 Qb6 13. Qd2 Be6 14. Na4 Qa5 15.
Qxa5 Bxe3+ 16. Nxe3 Nxa5 17. Bxe6 fxe6 18. Rfd1 Rfd8 19. Rac1 b5 20. Nc3 Nc4
21. Nxc4 bxc4 22. Nb5 Rab8 23. Rxd6 Rxd6 24. Nxd6 Rxb2 25. a4 h5 26. h4 Rb6 27.
Nxc4 Rc6 28. Rc2 Nd7 29. Ne3 Rxc2 30. Nxc2 Nc5 31. a5 Kf7 32. Kf2 Ke7 33. Ke3
Kd6 34. Kf4 Kc6 35. Kg5 Kb5 36. Kxh5 Kxa5 37. Kg6 Nd3 38. Kxg7 Nf4 39. g4 1-0

[Event "Solingen 3- Brackel"]
[Site "?"]
[Date "2023.02.12"]
[Round "5.2"]
[White "Michalczak, Thomas"]
[Black "Luft, Dennis"]
[Result "1/2-1/2"]
[WhiteElo "2261"]
[BlackElo "2317"]
[PlyCount "169"]
[SourceVersionDate "2023.06.22"]

1. e4 e5 2. Nf3 Nc6 3. Nc3 Nf6 4. a3 Nd4 5. Bc4 Nxf3+ 6. Qxf3 d6 7. h3 Be6 8.
d3 Qd7 9. Bg5 Be7 10. O-O-O Bxc4 11. dxc4 Qe6 12. Bxf6 Bxf6 13. Nd5 Bg5+ 14.
Kb1 O-O-O 15. h4 Be7 16. Rd3 Rhe8 17. g3 Bf8 18. Rhd1 c6 19. Ne3 g6 20. b3 Be7
21. a4 Rf8 22. g4 Bxh4 23. Rh1 Bf6 24. Rxh7 Rh8 25. Rxh8 Rxh8 26. Qg2 Bg5 27.
Nd1 Qf6 28. Rh3 Rxh3 29. Qxh3 Qf4 30. Qd3 Qxg4 31. Qxd6 Qd7 32. Qd3 Qxd3 33.
cxd3 Kd7 34. Kc2 Be7 35. Kc3 Bc5 36. b4 Bd4+ 37. Kd2 a5 38. bxa5 Kd6 39. Kc2
Kc5 40. Kb3 f5 41. exf5 gxf5 42. Ne3 f4 43. Ng4 Kd6 44. Nf6 Kc7 45. f3 Kd6 46.
Ne4+ Kd7 47. Kb4 Kc7 48. Nc5 Be3 49. a6 bxa6 50. Ne4 Kb6 51. c5+ Kc7 52. Ka5
Kb7 53. Kb4 Kc7 54. Kc4 Kd7 55. Nd6 Ke6 56. Nb7 Bd2 57. d4 exd4 58. Kxd4 Be3+
59. Kc4 Bd2 60. Nd8+ Kd7 61. Nf7 Ke6 62. Nh6 Be3 63. Ng4 Bg1 64. Nh6 a5 65. Ng8
Bf2 66. Nh6 Bh4 67. Ng4 Kf5 68. Kd4 Be1 69. Nh6+ Ke6 70. Ng4 Kf5 71. Nh6+ Ke6
72. Ke4 Bf2 73. Ng4 Bxc5 74. Ne5 Bb6 75. Nxc6 Kd6 76. Ne5 Bc7 77. Nd3 Bb8 78.
Nxf4 Kc5 79. Nd5 Kc4 80. Nb6+ Kb4 81. f4 Bxf4 82. Kxf4 Kc5 83. Nd7+ Kb4 84. Nb6
Kc5 85. Nd7+ 1/2-1/2

[Event "Solingen 3- Brackel"]
[Site "?"]
[Date "2023.02.12"]
[Round "5.3"]
[White "Kartsev, Soel"]
[Black "Kniest, Oliver"]
[Result "0-1"]
[WhiteElo "2170"]
[BlackElo "2309"]
[Annotator "daniel"]
[PlyCount "116"]
[SourceVersionDate "2023.06.22"]

1. d4 Nf6 2. Nf3 d5 3. e3 c5 4. c3 Nbd7 5. Bd3 g6 6. O-O Bg7 7. Nbd2 O-O 8. e4
dxe4 9. Nxe4 Nxe4 10. Bxe4 Nf6 11. Bc2 cxd4 12. Nxd4 Bg4 13. f3 Bd7 14. Be3 Qc7
15. a4 Rad8 16. Qe1 a6 17. a5 Nd5 18. Bf2 e5 19. Ne2 Bb5 20. Bb3 Bc4 21. Bxc4
Qxc4 22. Ng3 f5 23. Qe2 Qc6 24. Rfd1 Rfe8 25. Qd3 Bf6 26. Qc2 Kg7 27. Qb3 Bg5
28. c4 $11 Nc7 29. Bb6 Rc8 30. Qa4 Ne6 31. Ne2 Qxc4 32. Rd7+ Kg8 33. Qxc4 Rxc4
34. Rxb7 Rc2 35. b4 Rxe2 36. b5 Ra8 37. Ra7 Rxa7 38. Bxa7 axb5 39. a6 Nc7 40.
Kf1 Rc2 41. Bb8 Na8 42. Bxe5 Rc1+ 43. Rxc1 Bxc1 44. Ke2 Kf7 45. g4 fxg4 46.
fxg4 Ke6 47. Bd4 Kd5 48. Kd3 Bf4 49. h4 Bc7 50. h5 Bb6 51. Bxb6 Nxb6 52. hxg6
hxg6 53. a7 Kc6 54. Kd4 b4 55. a8=Q+ Nxa8 56. Kc4 Kd6 57. Kxb4 Ke5 58. Kc4 Kf4
0-1

[Event "Solingen 3- Brackel"]
[Site "?"]
[Date "2023.02.12"]
[Round "5.4"]
[White "Asadzade, Idris"]
[Black "Prieb, Robert"]
[Result "0-1"]
[WhiteElo "2190"]
[BlackElo "2113"]
[PlyCount "120"]
[SourceVersionDate "2023.06.22"]

1. c4 Nf6 2. Nf3 g6 3. g3 c6 4. Bg2 Bg7 5. O-O O-O 6. b3 d5 7. Bb2 dxc4 8. bxc4
c5 9. Nc3 Nc6 10. Ne1 Be6 11. d3 Qd7 12. Nc2 Bh3 13. Ne3 Nd4 14. Rb1 Bxg2 15.
Nxg2 Qc6 16. Nf4 e6 17. Qa4 Qxa4 18. Nxa4 b6 19. Nc3 Rad8 20. Rfd1 Rfe8 21. Ng2
Nd7 22. f3 f5 23. Kf2 Ne5 24. h3 Ndxf3 25. exf3 Nxd3+ 26. Rxd3 Rxd3 27. Ne2 Rd2
28. Bxg7 Kxg7 29. a3 Red8 30. Ne1 Ra2 31. Rb3 e5 32. Nd3 Kf6 33. Ke3 g5 34. Rc3
Rd4 35. Ndc1 Rb2 36. Nd3 Ra2 37. Ndc1 Ra1 38. Kf2 Rd1 39. Kg2 h5 40. g4 hxg4
41. hxg4 fxg4 42. fxg4 e4 43. Kf2 Ke5 44. Kg2 Rb1 45. Kf2 Rb2 46. Kg3 Rdd2 47.
Kf2 Rdc2 48. Ke3 a6 49. Rxc2 Rxc2 50. Nb3 Rxc4 51. Nd2 Rc2 52. a4 b5 53. axb5
axb5 54. Nb3 b4 55. Na5 Kd5 56. Nb3 Rb2 57. Nd2 c4 58. Ng3 c3 59. Ndxe4 Rg2 60.
Nxc3+ bxc3 0-1

[Event "Solingen 3- Brackel"]
[Site "?"]
[Date "2023.02.12"]
[Round "5.5"]
[White "Steinmetzer, Thomas"]
[Black "Wickenfeld, Stefan"]
[Result "1-0"]
[WhiteElo "2236"]
[BlackElo "2211"]
[PlyCount "79"]
[SourceVersionDate "2023.06.22"]

1. e4 c5 2. Nf3 d6 3. d4 cxd4 4. Nxd4 Nf6 5. Nc3 g6 6. Be3 Bg7 7. f3 O-O 8. Qd2
Nc6 9. O-O-O d5 10. Kb1 Nxd4 11. e5 Nxf3 12. gxf3 Nh5 13. f4 Bg4 14. Re1 d4 15.
Bxd4 Bh6 16. Rg1 Bf5 17. Qf2 Rc8 18. Be3 Rxc3 19. bxc3 Qa5 20. Be2 Bxc2+ 21.
Kxc2 Qxa2+ 22. Kc1 Qa3+ 23. Kc2 Qa2+ 24. Kc1 Rc8 25. Bxh5 Rxc3+ 26. Kd1 Qd5+
27. Bd2 Rd3 28. Rg3 Rd4 29. Qg2 Qb5 30. Rf1 Qb1+ 31. Ke2 Qb5+ 32. Ke1 Qb1+ 33.
Bd1 e6 34. Rb3 Qf5 35. Qh3 Qe4+ 36. Re3 Qd5 37. Bb3 Qd8 38. Qxh6 Rxd2 39. Rf2
Qd4 40. f5 1-0

[Event "Solingen 3- Brackel"]
[Site "?"]
[Date "2023.02.12"]
[Round "5.6"]
[White "Gupta, Milon"]
[Black "Korten, Lando"]
[Result "1/2-1/2"]
[WhiteElo "2177"]
[BlackElo "2134"]
[PlyCount "53"]
[SourceVersionDate "2023.06.22"]

1. Nf3 Nf6 2. b3 g6 3. Bb2 Bg7 4. e3 O-O 5. Be2 d6 6. d4 e5 7. dxe5 Ng4 8. Nc3
Nxe5 9. h4 Nbc6 10. h5 Re8 11. hxg6 hxg6 12. Qd2 a5 13. O-O-O Be6 14. Nd4 Bd7
15. Ndb5 Nb4 16. a3 Na6 17. f4 Ng4 18. Bxg4 Bxg4 19. Nd5 Bxd1 20. Bxg7 Kxg7 21.
Qc3+ f6 22. Kxd1 c6 23. Nxf6 Qxf6 24. Rh7+ Kxh7 25. Qxf6 cxb5 26. f5 gxf5 27.
Qf7+ 1/2-1/2

[Event "Solingen 3- Brackel"]
[Site "?"]
[Date "2023.02.12"]
[Round "5.7"]
[White "Goldschmidt, Christian"]
[Black "Borchert, Stephan"]
[Result "1/2-1/2"]
[WhiteElo "2212"]
[BlackElo "2076"]
[PlyCount "132"]
[SourceVersionDate "2023.06.22"]

1. e4 e5 2. Nf3 Nc6 3. Bc4 Nf6 4. Ng5 d5 5. exd5 Na5 6. Bb5+ c6 7. dxc6 bxc6 8.
Qf3 Be7 9. Bd3 h6 10. Ne4 Nxe4 11. Qxe4 Qd6 12. O-O f5 13. Qa4 Nb7 14. Bc4 a5
15. Re1 Nc5 16. Qa3 Be6 17. Bxe6 Nxe6 18. Qxd6 Bxd6 19. c3 Nc5 20. d4 Nd3 21.
Rd1 e4 22. Nd2 O-O 23. Nc4 Bc7 24. b3 Rfd8 25. Nb2 Nxc1 26. Raxc1 Bf4 27. Rc2
Rd5 28. g3 Bg5 29. Na4 Rad8 30. Re1 Bf6 31. Kg2 g5 32. f3 exf3+ 33. Kxf3 Kf7
34. Rce2 R8d6 35. Re8 g4+ 36. Kg2 Bd8 37. Nc5 Bg5 38. R1e2 h5 39. Ra8 h4 40.
Ra7+ Kg6 41. Ne6 h3+ 42. Kf2 Bh6 43. c4 Rxd4 44. Nxd4 Rxd4 45. Re6+ Kg5 46.
Rxa5 Rd2+ 47. Re2 Rd1 48. Re1 Rd2+ 49. Kg1 Bg7 50. Rf1 Bd4+ 51. Kh1 Bf2 52. Ra8
Kf6 53. b4 Ke5 54. Re8+ Kf6 55. a4 Ra2 56. a5 Rb2 57. Rb8 Ra2 58. Rc8 c5 59. b5
Ke6 60. b6 f4 61. gxf4 g3 62. hxg3 Bxg3 63. Rd1 Rh2+ 64. Kg1 Rg2+ 65. Kf1 Rf2+
66. Kg1 Rg2+ 1/2-1/2

[Event "Solingen 3- Brackel"]
[Site "?"]
[Date "2023.02.12"]
[Round "5.8"]
[White "Peschel, Andreas"]
[Black "Strathoff, Martin"]
[Result "1-0"]
[WhiteElo "2072"]
[BlackElo "2076"]
[PlyCount "107"]
[SourceVersionDate "2023.06.22"]

1. Nf3 d5 2. g3 Nf6 3. Bg2 e6 4. O-O Be7 5. c4 c6 6. d4 O-O 7. Nc3 Nbd7 8. b3
b6 9. Bb2 Ba6 10. Nd2 Rc8 11. e4 dxe4 12. Ndxe4 c5 13. d5 Nxe4 14. Bxe4 Bf6 15.
dxe6 fxe6 16. Qc2 h6 17. Ne2 Bxb2 18. Qxb2 Nf6 19. Bg2 Qc7 20. Nf4 Rce8 21.
Rad1 e5 22. Nd5 Nxd5 23. Bxd5+ Kh8 24. Rfe1 Re7 25. Re3 Bb7 26. Bxb7 Qxb7 27.
Rxe5 Qf3 28. Rf1 Rfe8 29. Rfe1 Qf6 30. f4 Rxe5 31. Rxe5 Rxe5 32. fxe5 Qf3 33.
Qf2 Qe4 34. Qb2 Qe1+ 35. Kg2 Qe4+ 36. Kf2 Kg8 37. Qe2 Qf5+ 38. Kg2 Qe6 39. Qe4
a5 40. Qd5 Kf7 41. Kf3 Ke7 42. Qxe6+ Kxe6 43. Ke4 g6 44. g4 h5 45. gxh5 gxh5
46. h4 Ke7 47. Kd5 Kd7 48. e6+ Ke7 49. Ke5 Ke8 50. Kd6 Kd8 51. e7+ Ke8 52. Ke6
a4 53. bxa4 b5 54. a5 1-0

[Event "Oberhausen- Porz 2"]
[Site "?"]
[Date "2023.02.12"]
[Round "5.1"]
[White "Gallasch, Jonas"]
[Black "Becker, Marcel"]
[Result "1-0"]
[WhiteElo "2290"]
[BlackElo "2330"]
[PlyCount "77"]
[SourceVersionDate "2023.06.22"]

1. d4 d5 2. c4 c6 3. cxd5 cxd5 4. Nc3 Nf6 5. Bf4 Nc6 6. e3 e6 7. Bd3 Be7 8. g4
O-O 9. g5 Ne8 10. Nf3 f5 11. gxf6 Nxf6 12. Rg1 Kh8 13. Ne5 Qb6 14. Qe2 Nxe5 15.
Bxe5 Bd7 16. Rb1 Rf7 17. f4 Bc6 18. Qg2 Rg8 19. Qh3 Ne4 20. Qxe6 Bh4+ 21. Ke2
Re7 22. Qh3 Bf6 23. Bxe4 dxe4 24. Bxf6 gxf6 25. Rxg8+ Kxg8 26. Qf5 Bd7 27. Qd5+
Be6 28. Qc5 Qxc5 29. dxc5 Kf7 30. b3 Bg4+ 31. Kf2 f5 32. Nb5 Rd7 33. Nd4 Kf6
34. b4 a6 35. a4 Rc7 36. Rc1 Bh5 37. b5 axb5 38. axb5 Be8 39. c6 1-0

[Event "Oberhausen- Porz 2"]
[Site "?"]
[Date "2023.02.12"]
[Round "5.2"]
[White "Hort, Vlastimil"]
[Black "Perkampus, Laurin"]
[Result "1/2-1/2"]
[WhiteElo "2330"]
[BlackElo "2193"]
[PlyCount "29"]
[SourceVersionDate "2023.06.22"]

1. d4 Nf6 2. c4 g6 3. Nf3 Bg7 4. g3 O-O 5. Bg2 d5 6. Nbd2 Nc6 7. O-O dxc4 8.
Nxc4 Be6 9. b3 Bd5 10. Bb2 a5 11. Rc1 a4 12. bxa4 Ra6 13. a3 Qa8 14. a5 Rc8 15.
e3 1/2-1/2

[Event "Oberhausen- Porz 2"]
[Site "?"]
[Date "2023.02.12"]
[Round "5.3"]
[White "Gluma, Christian"]
[Black "Kummerow, Heiko"]
[Result "1/2-1/2"]
[WhiteElo "2111"]
[BlackElo "2208"]
[PlyCount "78"]
[SourceVersionDate "2023.06.22"]

1. e4 e6 2. d4 d5 3. Nd2 c5 4. exd5 Qxd5 5. Ngf3 cxd4 6. Bc4 Qd7 7. Nb3 Nc6 8.
O-O a6 9. Nbxd4 Nxd4 10. Nxd4 Qc7 11. Qe2 Bd6 12. h3 Ne7 13. Re1 O-O 14. Bg5
Ng6 15. Bd3 Nf4 16. Bxf4 Bxf4 17. Qh5 g6 18. Qh4 Bh2+ 19. Kf1 Be5 20. c3 Bd7
21. Rad1 Bg7 22. Kg1 Rac8 23. Rd2 Rfe8 24. Red1 e5 25. Nf3 Bc6 26. Ng5 h6 27.
Ne4 Qd8 28. Qg3 Qc7 29. Qe3 Red8 30. Bc2 Rxd2 31. Qxd2 Bf8 32. Nf6+ Kg7 33. Ng4
Kh7 34. h4 h5 35. Nf6+ Kh8 36. Ne4 Kg7 37. Ng5 Be7 38. Qe3 Re8 39. Qg3 Bxg5
1/2-1/2